| 000 | 00493nam a22001457a 4500 | ||
|---|---|---|---|
| 999 |
_c130269 _d130269 |
||
| 008 | 200203b ||||| |||| 00| 0 eng d | ||
| 050 | _aHQ1801.M82 1982 | ||
| 100 |
_aMuchena, Olivia N. _949289 |
||
| 245 |
_aA socio-economic overview: _bZimbabwe women _cOlivia N. Muchena |
||
| 260 |
_aZimbabwe _bAfrican Training and Research Centre for Women _c1982 |
||
| 300 |
_avi, 48p. ; _c24cm. |
||
| 650 |
_aWomen _zZimbabwe _922989 |
||
| 650 |
_aWomen, Black _zZimbabwe _949290 |
||
| 942 |
_2lcc _cMONOGRAPH |
||